000 00559nam a2200229 a 4500
001 nice12345678
003 IN_TiNIC
005 20260116013354.0
008 050524s1939 lona grp 000 0 eng
020 _a
_c437
082 0 0 _a291.042
_bSCH
100 _aSchmidt, Wilhelm
245 _aPrimitive Revelation.
260 _aLondon
_bB. Herder Book Company
_c1939
300 _a309p
500 _aincludes index and biblioraphy
505 2 _aIndex
650 _aComparative Religion-Primitive
902 _bSRS
942 _cBK
999 _c10742
_d10742